000 00562nam a2200157 i 4500
001 56293
003 ES-MaACL
005 20230906163326.0
007 t|
008 031007s1914 sp ||||1| spa d
245 0 0 _aDiccionario general de formularios ajustados a las disposiciones legales vigentes /
_cpor la redacción de El Consultor de los Ayuntamientos.
260 _aMadrid :
_bEl Consultor de los Ayuntamientos,
_c1914.
300 _a1381 p. ;
_c25 cm.
710 2 _aEl Consultor de los Ayuntamientos y de los Juzgados.
_93454
852 _aES-MaACL
_jB-5122
999 _c56293
_d56293